The philosophical thoughts of Mahatma Gandhi / (Record no. 63371)
[ view plain ]
| 000 -LEADER | |
|---|---|
| fixed length control field | 00820nam a2200265 a 4500 |
| 001 - CONTROL NUMBER | |
| control field | 63371 |
| 003 - CONTROL NUMBER IDENTIFIER | |
| rucl marc code | BD-RjUL |
| 005 - DATE AND TIME OF LATEST TRANSACTION | |
| control field | 20211209081206.0 |
| 008 - FIXED-LENGTH DATA ELEMENTS--GENERAL INFORMATION | |
| fixed length control field | 170130s1996 ii b 001 0 eng d |
| 020 ## - INTERNATIONAL STANDARD BOOK NUMBER | |
| International Standard Book Number | 812590221X |
| 035 ## - SYSTEM CONTROL NUMBER | |
| System control number | (BD-RjUL)63500 |
| 040 ## - CATALOGING SOURCE | |
| Original cataloging agency | DLC |
| Transcribing agency | DLC |
| Language of cataloging | eng |
| 041 ## - LANGUAGE CODE | |
| Language code of text/sound track or separate title | eng |
| 082 00 - DEWEY DECIMAL CLASSIFICATION NUMBER | |
| Classification number | 954.035092 |
| Author mark and year | KIP 1996 |
| 100 1# - MAIN ENTRY--PERSONAL NAME | |
| Personal name | Kim, S. K. |
| Fuller form of name | (Sun Keun), |
| Dates associated with a name | 1946- |
| 9 (RLIN) | 188571 |
| 245 14 - TITLE STATEMENT | |
| Title | The philosophical thoughts of Mahatma Gandhi / |
| Statement of responsibility, etc. | S.K. Kim. |
| 246 30 - VARYING FORM OF TITLE | |
| Title proper/short title | Mahatma Gandhi |
| 260 ## - PUBLICATION, DISTRIBUTION, ETC. (IMPRINT) | |
| Place of publication, distribution, etc. | New Delhi : |
| Name of publisher, distributor, etc. | Vikas Pub. House, |
| Date of publication, distribution, etc. | c1996. |
| 300 ## - PHYSICAL DESCRIPTION | |
| Pagination | xvi, 280 p. ; |
| Size | 25 cm. |
| 504 ## - BIBLIOGRAPHY, ETC. NOTE | |
| Bibliography, etc | Includes bibliographical references (p. [264]-273) and index. |
| 600 00 - SUBJECT ADDED ENTRY--PERSONAL NAME | |
| Personal name | Gandhi, |
| Titles and other words associated with a name | Mahatma, |
| Dates associated with a name | 1869-1948 |
| General subdivision | Philosophy. |
| 650 #0 - SUBJECT ADDED ENTRY--TOPICAL TERM | |
| Topical term or geographic name as entry element | Passive resistance. |
| 9 (RLIN) | 188573 |
| 942 ## - ADDED ENTRY ELEMENTS (KOHA) | |
| Source of classification or shelving scheme | Dewey Decimal Classification |
| Koha item type | Books |
| Lost status | Source of classification or shelving scheme | Damaged status | Not for loan | Collection code | Permanent Location | Current Location | Shelving location | Date acquired | Source of acquisition | Cost, normal purchase price | Total Checkouts | Full call number | Date last seen | Copy number | Koha item type |
|---|---|---|---|---|---|---|---|---|---|---|---|---|---|---|---|
| Dewey Decimal Classification | Not For Loan | Non-fiction | Central Library, University of Rajshahi | Central Library, University of Rajshahi | Reading Room | 07/04/2001 | Ankur Prokasoni, Dhaka | 390.00 | 954.035092 KIP 1996 | 30/01/2017 | C-1 | Books |